00287nam a2200109Ia 4500008004100000082001200041082000800053245007300061245001700134260001700151300000900168231017s9999 xx 000 0 und d a388.312 bMAR 0aEvaluation of Optimal Traffic Monitoring Station Spacing on Freeways 0cPeter Martin bPeter Martin c30cm